[Event "29th Rilton Cup"]
[Site "Stockholm SWE"]
[Date "2000.01.02"]
[Round "5"]
[White "Couso, Luis"]
[Black "Hillarp Persson, Tiger"]
[Result "1/2-1/2"]
[WhiteElo "2334"]
[BlackElo "2507"]
[EventDate "1999.12.27"]
[PlyCount "74"]

1.e4 e6 2.d4 d5 3.Nc3 Bb4 4.e5 c5 5.Bd2 Ne7 6.dxc5 O-O 7.Bd3 Nd7 8.Qg4 
Bxc3 9.Bxc3 Nxc5 10.Bb4 Qb6 11.Nf3 Nc6 12.Bxc5 Qxc5 13.O-O h6 14.a3 f5 15.
exf6 Rxf6 16.Qh5 Bd7 17.Ne5 Nxe5 18.Qxe5 Raf8 19.Qe3 Qxe3 20.fxe3 Bc6 21.
Rxf6 gxf6 22.c4 Kf7 23.cxd5 Bxd5 24.Rc1 Bc6 25.Rc4 f5 26.Kf2 Rg8 27.g3 Kf6
28.Rd4 Ke5 29.Rh4 Rd8 30.Ke2 a5 31.b4 axb4 32.axb4 Ra8 33.Kd2 Ra2+ 34.Kc3 
Ra3+ 35.Kd2 Ra2+ 36.Kc3 Ra3+ 37.Kd2 Ra2+ 1/2-1/2

[Event "29th Rilton Cup"]
[Site "Stockholm SWE"]
[Date "2000.01.02"]
[Round "5"]
[White "Rivas Pastor, Manuel"]
[Black "Botsari, Ana-Maria"]
[Result "1/2-1/2"]
[WhiteElo "2450"]
[BlackElo "2309"]
[EventDate "1999.12.27"]
[PlyCount "27"]

1.g4 d5 2.e3 e5 3.d3 Nc6 4.Nd2 Be6 5.h4 Be7 6.h5 Qd7 7.f3 h6 8.Ne2 Nf6 9.
Ng3 O-O-O 10.a3 e4 11.fxe4 Nxg4 12.Nb3 Qd6 13.Qf3 Nce5 14.Qg2 1/2-1/2

[Event "29th Rilton Cup"]
[Site "Stockholm SWE"]
[Date "2000.01.02"]
[Round "5"]
[White "Socko, Monika"]
[Black "Marttala, Thomas"]
[Result "1-0"]
[WhiteElo "2438"]
[BlackElo "2240"]
[EventDate "1999.12.27"]
[PlyCount "103"]

1.d4 f5 2.g3 Nf6 3.Bg2 g6 4.Nh3 Bg7 5.c4 c6 6.Nf4 d5 7.h4 dxc4 8.h5 e5 9.
h6 Bf8 10.dxe5 Qxd1+ 11.Kxd1 Ng4 12.Ke1 Nxe5 13.Be3 Bb4+ 14.Kf1 O-O 15.Na3
Bxa3 16.bxa3 Rd8 17.Ke1 Na6 18.Rd1 Rxd1+ 19.Kxd1 Kf7 20.Nh3 Bd7 21.Bd4 Re8
22.Kc2 Nc7 23.Rd1 Bc8 24.Bxa7 Ng4 25.Bf3 Ne6 26.e4 Nxh6 27.Be2 b5 28.Bf3 
Bb7 29.exf5 Nxf5 30.g4 Nh4 31.Bh1 g5 32.Rd6 Ke7 33.Rxe6+ Kxe6 34.Nxg5+ Kf6
35.Ne4+ Ke5 36.Bc5 Ng6 37.Nd6 Re7 38.a4 Ba6 39.Nf5 Rf7 40.Bxc6 bxa4 41.Kc3
Bc8 42.Be8 Rb7 43.Bd4+ Kf4 44.Nd6 Rc7 45.Bb6 Re7 46.Bxg6 hxg6 47.Nxc8 Re2 
48.a3 Kxg4 49.Nd6 g5 50.Nxc4 Kf3 51.Be3 g4 52.Ne5+ 1-0

[Event "29th Rilton Cup"]
[Site "Stockholm SWE"]
[Date "2000.01.02"]
[Round "5"]
[White "Bjarnehag, Peter"]
[Black "Radziewicz, Iweta"]
[Result "0-1"]
[WhiteElo "2257"]
[BlackElo "2395"]
[EventDate "1999.12.27"]
[PlyCount "100"]

1.Nf3 g6 2.d4 Bg7 3.c4 c5 4.e3 Nf6 5.Nc3 O-O 6.h3 cxd4 7.exd4 d5 8.Bg5 Ne4
9.Be3 Nxc3 10.bxc3 dxc4 11.Bxc4 Qc7 12.Qb3 Nc6 13.Be2 Na5 14.Qb4 Be6 15.
O-O Rac8 16.Rac1 Nc4 17.Bg5 f6 18.Bh4 Bh6 19.Bg3 Qd7 20.Rb1 b6 21.Rfd1 Bd5
22.a4 e6 23.Nh2 Rf7 24.Bf3 Bf8 25.Qb5 Bxf3 26.Nxf3 Na3 27.Qxd7 Rxd7 28.Rb3
Rc4 29.a5 b5 30.Nd2 Ra4 31.Ne4 Kf7 32.Ra1 e5 33.Rxb5 exd4 34.Rb8 Rxa5 35.
cxd4 Nc4 36.Rc1 Rxd4 37.Rb7+ Ke6 38.Re1 Kf5 39.f3 Nd6 40.Bxd6 Bxd6 41.Rxh7
Be5 42.Re2 Rd1+ 43.Kf2 g5 44.Rh6 Raa1 45.Ng3+ Ke6 46.h4 Kd5 47.Rc2 Bd4+ 
48.Ke2 Rg1 49.Ne4 Rae1+ 50.Kd2 Rd1+ 0-1

[Event "29th Rilton Cup"]
[Site "Stockholm SWE"]
[Date "2000.01.02"]
[Round "5"]
[White "Westerinen, Heikki"]
[Black "Siegbahn, Patrick"]
[Result "1-0"]
[WhiteElo "2382"]
[BlackElo "2077"]
[EventDate "1999.12.27"]
[PlyCount "99"]

1.e4 c5 2.Nf3 Nc6 3.Bb5 e6 4.O-O Nge7 5.c3 a6 6.Ba4 b5 7.Bc2 d5 8.d4 cxd4 
9.Nxd4 Bb7 10.Nxc6 Bxc6 11.e5 Ng6 12.Qd4 Rc8 13.a4 Bb7 14.axb5 Bc5 15.Qd3 
Nxe5 16.Qg3 Ng6 17.bxa6 Bc6 18.Ba4 Bxa4 19.Rxa4 Qb6 20.b4 Bd6 21.Qh3 Ra8 
22.Be3 Qc6 23.Ra5 Ne5 24.b5 Qc8 25.Nd2 Qxc3 26.Rfa1 O-O 27.b6 Nc6 28.R5a4 
Bc5 29.Bxc5 Qxc5 30.b7 Ra7 31.Qa3 Qb6 32.Qe3 Qb5 33.Qb3 Qc5 34.h3 e5 35.
Qa3 Qb5 36.Rb1 Qe2 37.Qe3 Qxe3 38.fxe3 g6 39.Rb6 Nb8 40.Nb3 Rd8 41.Kf2 Kf8
42.Na5 Ke8 43.Nc6 Rd6 44.Nxb8 Rxb6 45.Nc6 Raxb7 46.axb7 Rxb7 47.Nxe5 f6 
48.Nd3 Kf7 49.Nf4 Rd7 50.Rd4 1-0

[Event "29th Rilton Cup"]
[Site "Stockholm SWE"]
[Date "2000.01.02"]
[Round "5"]
[White "Burwick, Malte"]
[Black "Sjoeberg, Mats"]
[Result "0-1"]
[WhiteElo "2235"]
[BlackElo "2348"]
[EventDate "1999.12.27"]
[PlyCount "94"]

1.Nf3 Nf6 2.d4 e6 3.c4 b6 4.a3 Bb7 5.Nc3 Ne4 6.Qc2 Nxc3 7.Qxc3 Be7 8.g3 a5
9.Be3 Bf6 10.Bg2 Nc6 11.O-O Ne7 12.Bg5 Bxg5 13.Nxg5 Bxg2 14.Kxg2 a4 15.e4 
Ra5 16.f4 h6 17.Nf3 O-O 18.Rad1 Qa8 19.Rfe1 Qb7 20.Re2 Rfa8 21.d5 Rc5 22.
dxe6 dxe6 23.Ne5 Nc6 24.Nxf7 Rf8 25.Ne5 Nxe5 26.fxe5 Qc6 27.Rf1 Rxf1 28.
Kxf1 Rxc4 29.Qd3 Qc5 30.Kg2 Rd4 31.Qa6 Qxe5 32.Qa8+ Kh7 33.Qc6 b5 34.Qc2 
c5 35.Qb1 c4 36.Qc2 Rd3 37.Qb1 Rb3 38.Qc1 c3 39.bxc3 Qxc3 40.Qxc3 Rxc3 41.
Rb2 Rb3 42.Ra2 Kg6 43.Kh3 Kg5 44.Ra1 Kf6 45.Kg4 g6 46.Kf4 g5+ 47.Kg4 Kg6 
0-1

[Event "29th Rilton Cup"]
[Site "Stockholm SWE"]
[Date "2000.01.02"]
[Round "5"]
[White "Nataf, Igor-Alexandre"]
[Black "Andersson, Fredrik"]
[Result "1-0"]
[WhiteElo "2504"]
[BlackElo "2153"]
[EventDate "1999.12.27"]
[PlyCount "51"]

1.e4 c6 2.d4 d5 3.e5 Bf5 4.Nc3 e6 5.g4 Bg6 6.Nge2 Be7 7.Be3 Nd7 8.Qd2 h5 
9.Nf4 hxg4 10.Nxg6 fxg6 11.Ne2 Nf8 12.O-O-O Rh4 13.Nf4 Qd7 14.Bd3 c5 15.
Nxg6 Nxg6 16.Bxg6+ Kd8 17.dxc5 Rc8 18.Kb1 Bxc5 19.Bg5+ Be7 20.Bxh4 Bxh4 
21.Qf4 Nh6 22.h3 Qe7 23.hxg4 Bg5 24.Qa4 b6 25.f4 Bh4 26.f5 1-0

[Event "29th Rilton Cup"]
[Site "Stockholm SWE"]
[Date "2000.01.02"]
[Round "5"]
[White "Nystroem, Ragnar"]
[Black "Ernst, Thomas"]
[Result "1/2-1/2"]
[WhiteElo "2145"]
[BlackElo "2409"]
[EventDate "1999.12.27"]
[PlyCount "243"]

1.e4 c5 2.c3 Nf6 3.e5 Nd5 4.d4 cxd4 5.cxd4 d6 6.Nf3 Nc6 7.exd6 Qxd6 8.Nc3 
e6 9.Bc4 Be7 10.O-O O-O 11.Re1 Rd8 12.Ne4 Qc7 13.Bd3 b6 14.Bg5 Bb7 15.Rc1 
h6 16.Bd2 Rac8 17.Ne5 Ndb4 18.Nxc6 Bxc6 19.Bb1 Rxd4 20.Qe2 Nd5 21.Qh5 f5 
22.Ng3 Rxd2 23.Rxe6 Nf4 24.Rexc6 Nxh5 25.Rxc7 Rxc7 26.Rxc7 Bc5 27.Bxf5 
Bxf2+ 28.Kf1 Nxg3+ 29.hxg3 Bxg3 30.Rc2 Rd6 31.Ke2 Kf7 32.Be4 Rf6 33.Bd5+ 
Ke7 34.Ke3 Bd6 35.Bf3 Bc5+ 36.Ke2 Re6+ 37.Kd3 Rd6+ 38.Ke2 Kf6 39.Rc4 a5 
40.Rf4+ Ke5 41.Re4+ Kf5 42.Rc4 g6 43.a3 h5 44.b4 axb4 45.axb4 Bd4 46.b5 
Bc5 47.g4+ hxg4 48.Rxg4 Re6+ 49.Kf1 Re3 50.Bd1 Rh3 51.Kg2 Rc3 52.Ra4 Rc1 
53.Bg4+ Kg5 54.Be2 Rc2 55.Kf3 Rc3+ 56.Kg2 Rb3 57.Re4 Kf5 58.Ra4 g5 59.Bg4+
Ke5 60.Bd7 Be3 61.Bc6 Bf4 62.Re4+ Kf5 63.Re2 g4 64.Rc2 Rb4 65.Bd7+ Kg5 66.
Re2 Bd6 67.Bc6 Bc5 68.Rc2 Kf4 69.Re2 Be3 70.Ra2 Rd4 71.Rc2 g3 72.Ra2 Bf2 
73.Re2 Rb4 74.Rc2 Ke3 75.Ra2 Kd3 76.Kf3 Kc4 77.Rc2+ Kb3 78.Re2 Rd4 79.Kg2 
Kb4 80.Rc2 Rh4 81.Ra2 Rh2+ 82.Kf1 Kb3 83.Rd2 Rh5 84.Kg2 Kb4 85.Rc2 Rh2+ 
86.Kf1 Rh6 87.Kg2 Rd6 88.Ra2 Rd1 89.Rc2 Rg1+ 90.Kh3 Re1 91.Kg2 Kb3 92.Rd2 
Re5 93.Kf1 Be3 94.Re2 Rf5+ 95.Kg2 Bf2 96.Rd2 Kc4 97.Rc2+ Kd4 98.Re2 Rh5 
99.Ra2 Kc5 100.Rd2 Rh2+ 101.Kf1 Rh6 102.Rd5+ Kc4 103.Rd2 Be3 104.Ra2 Rh5 
105.Rc2+ Kd3 106.Ra2 Bc5 107.Rb2 Kc3 108.Ra2 Bd6 109.Re2 Kd3 110.Ra2 Ke3 
111.Re2+ Kf4 112.Re4+ Kf5 113.Re2 Rh4 114.Kg2 Rd4 115.Kf1 Rb4 116.Kg2 Bf4 
117.Rc2 Be5 118.Re2 Ke6 119.Rd2 Rh4 120.Kf1 Bd4 121.Re2+ Be5 122.Rc2 
1/2-1/2

[Event "29th Rilton Cup"]
[Site "Stockholm SWE"]
[Date "2000.01.02"]
[Round "5"]
[White "Jensen, Leif Haugaard"]
[Black "Bergstroem, Rolf"]
[Result "0-1"]
[WhiteElo "2125"]
[BlackElo "2322"]
[EventDate "1999.12.27"]
[PlyCount "74"]

1.e4 d6 2.g3 g6 3.Bg2 Bg7 4.c3 e5 5.d3 Ne7 6.f4 O-O 7.Nf3 c5 8.Be3 exf4 9.
Bxf4 d5 10.O-O Nbc6 11.Nbd2 h6 12.Nb3 b6 13.Re1 a5 14.a4 Be6 15.Nc1 Qd7 
16.Qc2 Rfd8 17.e5 d4 18.c4 g5 19.Bd2 Ng6 20.h4 gxh4 21.gxh4 Ncxe5 22.Nxe5 
Nxe5 23.Bxh6 Bxh6 24.Rxe5 Be3+ 25.Kh1 Qd6 26.Rh5 Bg4 27.Rg5+ Bxg5 28.hxg5 
Kg7 29.Qf2 Rh8+ 30.Kg1 Qe5 31.Bd5 Be6 32.Bxe6 Qxg5+ 33.Kf1 fxe6 34.Ke2 
Raf8 35.Qe1 Rh2+ 36.Kd1 Rf1 37.Qxf1 Qd2# 0-1

[Event "29th Rilton Cup"]
[Site "Stockholm SWE"]
[Date "2000.01.02"]
[Round "5"]
[White "Dworakowska, Joanna"]
[Black "Nyysti, Sampsa"]
[Result "1-0"]
[WhiteElo "2306"]
[BlackElo "2152"]
[EventDate "1999.12.27"]
[PlyCount "91"]

1.e4 c5 2.Nf3 e6 3.d4 cxd4 4.Nxd4 a6 5.Bd3 Bc5 6.Nb3 Ba7 7.O-O Nc6 8.Qe2 
Nge7 9.Be3 O-O 10.N1d2 d6 11.a4 e5 12.Rfd1 Bxe3 13.Qxe3 d5 14.exd5 Nxd5 
15.Qf3 Nf4 16.Ne4 Qe7 17.Bf1 Ne6 18.c3 f5 19.Nd6 Ng5 20.Bc4+ Kh8 21.Qh5 
Be6 22.Bxe6 Nxe6 23.Rd2 g6 24.Qh6 e4 25.Rad1 Ne5 26.Qe3 Nd3 27.Nc4 Rae8 
28.f3 Ng5 29.fxe4 fxe4 30.Nc1 Nxc1 31.Rxc1 Rd8 32.Rcd1 Rxd2 33.Rxd2 Qf6 
34.Qf2 Qxf2+ 35.Rxf2 Rxf2 36.Kxf2 Ne6 37.a5 Nc5 38.Ke3 Kg7 39.Kd4 Nb3+ 40.
Kxe4 Kf6 41.Kd5 Ke7 42.Nd6 Nxa5 43.b4 Nb3 44.Nxb7 Nc1 45.Nc5 Ne2 46.Kc4 
1-0

[Event "29th Rilton Cup"]
[Site "Stockholm SWE"]
[Date "2000.01.02"]
[Round "5"]
[White "Heinola, Vesa"]
[Black "Aengskog, Kent"]
[Result "0-1"]
[WhiteElo "2091"]
[BlackElo "2247"]
[EventDate "1999.12.27"]
[PlyCount "20"]

1.d4 Nf6 2.c4 b6 3.Nc3 Bb7 4.f3 e5 5.d5 Bb4 6.e3 c6 7.e4 O-O 8.Be3 b5 9.
Bd3 bxc4 10.Bc2 cxd5 0-1

[Event "29th Rilton Cup"]
[Site "Stockholm SWE"]
[Date "2000.01.03"]
[Round "6.1"]
[White "Ivanov, Sergei"]
[Black "Kempinski, Robert"]
[Result "1-0"]
[WhiteElo "2538"]
[BlackElo "2549"]
[EventDate "1999.12.27"]
[PlyCount "83"]

1.d4 Nf6 2.c4 g6 3.Nc3 Bg7 4.e4 d6 5.Nf3 O-O 6.Be2 e5 7.O-O Qe8 8.dxe5 
dxe5 9.b4 Qe7 10.b5 Nbd7 11.a4 Nc5 12.Ba3 Nfd7 13.Nd2 Re8 14.Nb3 Bf8 15.
Bg4 Qg5 16.Bxd7 Nxd7 17.Nd5 Qd8 18.Bxf8 Rxf8 19.Qc2 c6 20.Ne3 Qh4 21.Rfd1 
Nf6 22.f3 Qg5 23.Qf2 Nh5 24.Rd6 Nf4 25.Kh1 Be6 26.bxc6 bxc6 27.Rad1 Rab8 
28.Nc5 Rfd8 29.Qd2 Rxd6 30.Qxd6 Rb2 31.Qd8+ Qxd8 32.Rxd8+ Kg7 33.g3 Bh3 
34.gxf4 Re2 35.Kg1 Rxe3 36.Kf2 Rc3 37.fxe5 Rxc4 38.Nb7 Rc2+ 39.Kg3 Bf1 40.
Nd6 c5 41.Rd7 c4 42.Rxf7+ 1-0

[Event "29th Rilton Cup"]
[Site "Stockholm SWE"]
[Date "2000.01.03"]
[Round "6.2"]
[White "Volzhin, Alexander"]
[Black "Matros, Alexander"]
[Result "0-1"]
[WhiteElo "2562"]
[BlackElo "2391"]
[EventDate "1999.12.27"]
[PlyCount "126"]

1.d4 d5 2.c4 e6 3.Nc3 Nf6 4.cxd5 exd5 5.Bg5 Be7 6.e3 Nbd7 7.Bd3 Nf8 8.Nge2
Ne6 9.Bh4 g6 10.O-O O-O 11.Qc2 c6 12.Rad1 Nh5 13.Bxe7 Qxe7 14.Qd2 f5 15.
Rfe1 Bd7 16.b4 a6 17.Na4 b5 18.Nc5 Nxc5 19.dxc5 a5 20.a3 axb4 21.axb4 Qf6 
22.f3 Ra3 23.Bc2 Ng7 24.Rb1 Ra2 25.Qc1 Ne6 26.Bb3 Ra7 27.Qc3 Qxc3 28.Nxc3 
Kg7 29.Red1 Re8 30.Kf2 Kf6 31.h4 Ke5 32.g3 Rd8 33.g4 fxg4 34.fxg4 Ra3 35.
Kg3 d4 36.Ne2 Bc8 37.Rd3 dxe3 38.Rxe3+ Kf6 39.Nc3 Kg7 40.Ne4 Nd4 41.Nd2 
Be6 42.Kf4 Rf8+ 43.Ke5 Nxb3 44.Nxb3 Bxg4 45.Kd6 Rf6+ 46.Kc7 Be6 47.Rxe6 
Rxe6 48.Nd4 Re4 49.Nxc6 Rxh4 50.Kb6 Re4 51.Kxb5 h5 52.Na5 Rc3 53.c6 h4 54.
Nb7 h3 55.Nc5 Re8 56.c7 h2 57.Kc6 Rh8 58.Rh1 Rc2 59.Kd7 g5 60.b5 Rxc5 61.
b6 g4 62.b7 Rxc7+ 63.Kxc7 g3 0-1

[Event "29th Rilton Cup"]
[Site "Stockholm SWE"]
[Date "2000.01.03"]
[Round "6.3"]
[White "Berg, Emanuel"]
[Black "Oral, Tomas"]
[Result "1-0"]
[WhiteElo "2348"]
[BlackElo "2541"]
[EventDate "1999.12.27"]
[PlyCount "81"]

1.e4 c5 2.Nf3 Nc6 3.d4 cxd4 4.Nxd4 Qc7 5.Nc3 e6 6.Be2 a6 7.O-O Nf6 8.Kh1 
Nxd4 9.Qxd4 Bc5 10.Qd3 b5 11.f4 Bb7 12.Bf3 h5 13.e5 Ng4 14.Bxb7 Qxb7 15.
Ne4 Be7 16.Be3 Rc8 17.c3 h4 18.h3 Nh6 19.Rad1 Nf5 20.Bf2 O-O 21.Qf3 Rc7 
22.Rd3 b4 23.c4 a5 24.Rfd1 a4 25.R1d2 Rb8 26.Rc2 b3 27.axb3 axb3 28.Rc1 
Qc6 29.Kh2 Rb4 30.Nd2 Qxf3 31.Rxf3 f6 32.Rcc3 fxe5 33.fxe5 Bg5 34.Ne4 Be7 
35.Nd2 Bc5 36.Kg1 Nd4 37.Rfe3 Ra7 38.Re4 Ra1+ 39.Kh2 Nc2 40.Bxc5 Rba4 41.
Nxb3 1-0

[Event "29th Rilton Cup"]
[Site "Stockholm SWE"]
[Date "2000.01.03"]
[Round "6.4"]
[White "Cramling, Pia"]
[Black "Aakesson, Ralf"]
[Result "0-1"]
[WhiteElo "2504"]
[BlackElo "2535"]
[EventDate "1999.12.27"]
[PlyCount "88"]

1.d4 e6 2.c4 Nf6 3.Nc3 Bb4 4.Qc2 O-O 5.a3 Bxc3+ 6.Qxc3 Ne4 7.Qc2 f5 8.Nh3 
d6 9.f3 Nf6 10.e3 e5 11.dxe5 dxe5 12.Be2 a5 13.O-O c5 14.Nf2 Nc6 15.Bd3 
Ne8 16.Bd2 Be6 17.Rad1 Nd6 18.f4 g5 19.fxg5 Qxg5 20.Kh1 Rf6 21.Nh3 Qh4 22.
Rc1 Raf8 23.b3 f4 24.exf4 Nd4 25.Qb2 exf4 26.Be1 Qh5 27.Bc3 f3 28.Bxd4 
cxd4 29.Rf2 Bxh3 30.gxh3 Rf4 31.c5 Nf5 32.Bxf5 Qxf5 33.b4 axb4 34.axb4 Re4
35.b5 Qd5 36.Rg1+ Kh8 37.Qc1 Re2 38.Rgf1 Rxf2 39.Rxf2 d3 40.Qb2+ Kg8 41.
Qd2 Ra8 42.Qd1 d2 43.Qg1+ Kh8 44.Qd1 Qd4 0-1

[Event "29th Rilton Cup"]
[Site "Stockholm SWE"]
[Date "2000.01.03"]
[Round "6.5"]
[White "Galkin, Alexander"]
[Black "Brynell, Stellan"]
[Result "1-0"]
[WhiteElo "2535"]
[BlackElo "2488"]
[EventDate "1999.12.27"]
[PlyCount "53"]

1.e4 e6 2.d4 d5 3.Nc3 Nf6 4.Bg5 Bb4 5.exd5 Qxd5 6.Bxf6 Bxc3+ 7.bxc3 gxf6 
8.Qd2 b6 9.Be2 Nc6 10.Bf3 Qd6 11.Qh6 Ke7 12.Ne2 Ba6 13.O-O Bxe2 14.Bxe2 
Rag8 15.f4 Qa3 16.Rf3 Qb2 17.Re1 Qxc2 18.f5 e5 19.Rf2 Rg5 20.dxe5 Nxe5 21.
Bc4 Qxc3 22.Rxe5+ Qxe5 23.Re2 Rxf5 24.Qg7 Rf8 25.Qxh7 Rf4 26.Rxe5+ fxe5 
27.Qg7 1-0

[Event "29th Rilton Cup"]
[Site "Stockholm SWE"]
[Date "2000.01.03"]
[Round "6.7"]
[White "Ulybin, Mikhail"]
[Black "Socko, Monika"]
[Result "1-0"]
[WhiteElo "2569"]
[BlackElo "2438"]
[EventDate "1999.12.27"]
[PlyCount "47"]

1.e4 e6 2.d4 d5 3.exd5 exd5 4.Nf3 Bd6 5.c4 Nf6 6.Nc3 dxc4 7.Bxc4 O-O 8.O-O
Nc6 9.h3 h6 10.Qc2 a6 11.a3 Bd7 12.Re1 Qc8 13.Bxh6 Bf5 14.Qd2 gxh6 15.Qxh6
Nh7 16.Ne4 Qd8 17.Qh5 Ne7 18.Nh4 Be6 19.Bxe6 fxe6 20.Ng5 Nf6 21.Qh6 Bf4 
22.Rxe6 Qd5 23.Ng6 Bxg5 24.Nxe7+ 1-0

[Event "29th Rilton Cup"]
[Site "Stockholm SWE"]
[Date "2000.01.03"]
[Round "6.10"]
[White "Gleizerov, Evgeny"]
[Black "Westerinen, Heikki"]
[Result "1-0"]
[WhiteElo "2520"]
[BlackElo "2382"]
[EventDate "1999.12.27"]
[PlyCount "77"]

1.d4 d5 2.c4 c5 3.cxd5 Nf6 4.e4 Nxe4 5.dxc5 Nxc5 6.Nf3 e6 7.Nc3 exd5 8.
Qxd5 Qxd5 9.Nxd5 Nba6 10.Bb5+ Bd7 11.Bxd7+ Nxd7 12.O-O f6 13.Be3 Kf7 14.
Rfd1 Bc5 15.Nc7 Rad8 16.Nxa6 Bxe3 17.fxe3 bxa6 18.Rac1 Nb6 19.Rc7+ Kg6 20.
Rxd8 Rxd8 21.Rxa7 Nc4 22.b3 Nxe3 23.Rxa6 Ng4 24.Kf1 Rd1+ 25.Ke2 Rb1 26.Rd6
Kf5 27.Rd2 g5 28.Kd3 h5 29.Nd4+ Kf4 30.g3+ Ke5 31.a4 Kd5 32.Kc3 Rc1+ 33.
Kb2 Rh1 34.a5 Kc5 35.b4+ Kxb4 36.a6 Ne5 37.a7 Nc4+ 38.Ka2 Nb6 39.Rb2+ 1-0

[Event "29th Rilton Cup"]
[Site "Stockholm SWE"]
[Date "2000.01.03"]
[Round "6.11"]
[White "Radziewicz, Iweta"]
[Black "Hector, Jonny"]
[Result "1/2-1/2"]
[WhiteElo "2395"]
[BlackElo "2505"]
[EventDate "1999.12.27"]
[PlyCount "84"]

1.Nf3 d5 2.d4 Nf6 3.c4 c6 4.e3 Bf5 5.Qb3 Qc7 6.Nc3 e6 7.Nh4 Be4 8.f3 dxc4 
9.Bxc4 Bd5 10.Nxd5 cxd5 11.Bb5+ Nfd7 12.f4 a6 13.Bd3 Nc6 14.O-O g6 15.Bd2 
Bg7 16.Nf3 O-O 17.Rac1 Rfc8 18.Ne5 Ndxe5 19.fxe5 Qe7 20.Rf3 Rf8 21.Rcf1 f6
22.exf6 Rxf6 23.Rxf6 Bxf6 24.Qd1 Rd8 25.Qf3 Bg7 26.Bc3 e5 27.dxe5 Bxe5 28.
Bc2 Bxc3 29.bxc3 Ne5 30.Qf4 Nc4 31.e4 dxe4 32.Bxe4 Nd2 33.Rd1 Nxe4 34.
Rxd8+ Qxd8 35.Qxe4 Qb6+ 36.Kf1 Kf7 37.Qd5+ Kf6 38.Qf3+ Ke6 39.Qh3+ Kd6 40.
Qd3+ Kc7 41.Qc4+ Kb8 42.h3 Qb2 1/2-1/2

[Event "29th Rilton Cup"]
[Site "Stockholm SWE"]
[Date "2000.01.03"]
[Round "6.12"]
[White "Hillarp Persson, Tiger"]
[Black "Kallio, Heikki"]
[Result "0-1"]
[WhiteElo "2507"]
[BlackElo "2360"]
[EventDate "1999.12.27"]
[PlyCount "88"]

1.d4 Nf6 2.c4 c5 3.d5 b5 4.cxb5 a6 5.b6 e6 6.Nc3 Nxd5 7.Nxd5 exd5 8.Qxd5 
Nc6 9.Nf3 Rb8 10.Ne5 Qf6 11.Nxc6 dxc6 12.Qf3 Be7 13.Bd2 Qxb2 14.Bc3 Qxb6 
15.Bxg7 Rg8 16.Bc3 Bg4 17.Qe4 Rg6 18.g3 h5 19.h3 Be6 20.Qc2 Bd5 21.e4 Bxe4
22.Qxe4 Re6 23.Qxe6 fxe6 24.Be2 h4 25.O-O Bd6 26.Bc4 e5 27.g4 Qd8 28.Rae1 
Kf8 29.Re4 Rb7 30.Kg2 Qb8 31.Rd1 Rb1 32.Ree1 Rxd1 33.Rxd1 e4 34.Re1 Be5 
35.Bd2 Qd6 36.Be3 a5 37.Rb1 Bf4 38.Re1 a4 39.Bf1 Bxe3 40.Rxe3 Qd5 41.a3 
Qd4 42.Kg1 c4 43.Bg2 c3 44.Bxe4 Qd1+ 0-1

[Event "29th Rilton Cup"]
[Site "Stockholm SWE"]
[Date "2000.01.03"]
[Round "6.13"]
[White "Bergstroem, Rolf"]
[Black "Agrest, Evgenij"]
[Result "0-1"]
[WhiteElo "2322"]
[BlackElo "2554"]
[EventDate "1999.12.27"]
[PlyCount "58"]

1.e4 d6 2.d4 g6 3.Nc3 Bg7 4.Be3 a6 5.Qd2 Nd7 6.h4 h6 7.O-O-O b5 8.f3 Bb7 
9.Kb1 c6 10.Nh3 Qc7 11.Nf2 Nb6 12.e5 O-O-O 13.exd6 exd6 14.Bf4 Ne7 15.Nce4
Nbd5 16.Bh2 Nf5 17.c3 Rhe8 18.Bd3 Nfe3 19.Rdg1 f5 20.Nc5 Ba8 21.Nd1 Qb6 
22.Nb3 c5 23.Nxe3 Rxe3 24.Bc2 c4 25.Nc1 b4 26.cxb4 c3 27.bxc3 Nxc3+ 28.Ka1
Bxd4 29.Nb3 Bg7 0-1

[Event "29th Rilton Cup"]
[Site "Stockholm SWE"]
[Date "2000.01.03"]
[Round "6.14"]
[White "Botsari, Ana-Maria"]
[Black "Nataf, Igor-Alexandre"]
[Result "0-1"]
[WhiteElo "2309"]
[BlackElo "2504"]
[EventDate "1999.12.27"]
[PlyCount "44"]

1.d4 g6 2.c4 Nf6 3.Nc3 Bg7 4.e4 O-O 5.f3 c6 6.Bg5 d5 7.Qd2 dxe4 8.fxe4 e5 
9.O-O-O exd4 10.Qxd4 Qxd4 11.Rxd4 h6 12.Bh4 Nbd7 13.Nf3 Re8 14.Bd3 Ng4 15.
e5 Ndxe5 16.Re1 Nxd3+ 17.Rxd3 Bf5 18.Rxe8+ Rxe8 19.Rd2 Ne5 20.Nxe5 Bxe5 
21.Bg3 Bxg3 22.hxg3 Re1+ 0-1

[Event "29th Rilton Cup"]
[Site "Stockholm SWE"]
[Date "2000.01.03"]
[Round "6.16"]
[White "Bellon Lopez, Juan Manuel"]
[Black "Couso, Luis"]
[Result "1-0"]
[WhiteElo "2463"]
[BlackElo "2334"]
[EventDate "1999.12.27"]
[PlyCount "79"]

1.d4 e6 2.Nf3 c5 3.e3 Nf6 4.Bd3 b6 5.O-O Be7 6.b3 Bb7 7.Nbd2 O-O 8.Bb2 Nc6
9.a3 Rc8 10.Rc1 cxd4 11.exd4 d5 12.Qe2 Rc7 13.g3 Bd6 14.Ne5 Qe7 15.b4 Nb8 
16.f4 a5 17.c3 Nbd7 18.Rce1 Ra8 19.g4 Nf8 20.Qg2 Qd8 21.Re3 axb4 22.cxb4 
Ba6 23.b5 Bb7 24.Rh3 Ra5 25.Qe2 Qa8 26.g5 Bxe5 27.dxe5 Ne4 28.Nb3 Ra4 29.
Nd4 Rcc4 30.Bxc4 dxc4 31.Re3 c3 32.Nc6 Bxc6 33.bxc6 Qxc6 34.Bc1 Ng6 35.Rd3
Qa8 36.Rfd1 Qa5 37.Rd8+ Nf8 38.R1d4 Nd2 39.Bxd2 cxd2 40.Qxd2 1-0

[Event "29th Rilton Cup"]
[Site "Stockholm SWE"]
[Date "2000.01.03"]
[Round "6.17"]
[White "Aengskog, Kent"]
[Black "Rivas Pastor, Manuel"]
[Result "1-0"]
[WhiteElo "2247"]
[BlackElo "2450"]
[EventDate "1999.12.27"]
[PlyCount "58"]

1.Nf3 c6 2.c4 e6 3.b3 d5 4.Bb2 f5 5.g3 Nf6 6.Bg2 Be7 7.O-O O-O 8.d3 Bd7 9.
Nbd2 a5 10.a3 Na6 11.Qc2 b5 12.Ne5 Be8 13.cxb5 cxb5 14.Nc6 Bxc6 15.Qxc6 
Qd7 16.Rac1 Rfc8 17.Qxd7 Nxd7 18.e4 fxe4 19.dxe4 Bf6 20.Bxf6 Nxf6 21.exd5 
Nxd5 22.Ne4 Rxc1 23.Rxc1 Rd8 24.Ng5 Nac7 25.Bxd5 Nxd5 26.Nxe6 Re8 27.Ng5 
b4 28.Rc5 a4 29.bxa4 Nf4 1-0

[Event "29th Rilton Cup"]
[Site "Stockholm SWE"]
[Date "2000.01.03"]
[Round "6.18"]
[White "Hallberg, Fredrik"]
[Black "Brustman, Agnieszka"]
[Result "0-1"]
[WhiteElo "2196"]
[BlackElo "2383"]
[EventDate "1999.12.27"]
[PlyCount "80"]

1.d4 Nf6 2.c4 g6 3.Nc3 Bg7 4.e4 d6 5.Nf3 O-O 6.Be2 e5 7.O-O Nc6 8.d5 Ne7 
9.Ne1 Nd7 10.Be3 f5 11.f3 f4 12.Bf2 g5 13.Rc1 Ng6 14.c5 Nxc5 15.b4 Na6 16.
Nb5 h5 17.Nxa7 Bd7 18.Rc3 Rf7 19.a4 Bh6 20.Kh1 Rg7 21.Nb5 Nf8 22.Rg1 g4 
23.g3 fxg3 24.hxg3 Nh7 25.Rc4 Ng5 26.fxg4 Nh3 27.Rf1 hxg4 28.Nc2 Qg5 29.
Rc3 Qh5 30.Kg2 Rf8 31.Be1 Nf4+ 32.gxf4 exf4 33.Rh1 f3+ 34.Kg1 Qg6 35.Bg3 
Bf4 36.Bxf4 Rxf4 37.Bf1 f2+ 38.Kg2 Qxe4+ 39.Kg3 Qxh1 40.Kxf4 g3 0-1

[Event "29th Rilton Cup"]
[Site "Stockholm SWE"]
[Date "2000.01.03"]
[Round "6.19"]
[White "Lehtinen, Heikki"]
[Black "Sjoeberg, Mats"]
[Result "1-0"]
[WhiteElo "2224"]
[BlackElo "2348"]
[EventDate "1999.12.27"]
[PlyCount "57"]

1.g3 Nf6 2.Bg2 c5 3.e4 Nc6 4.Ne2 d5 5.exd5 Nxd5 6.Nbc3 Nxc3 7.bxc3 e6 8.
O-O Be7 9.c4 Qd7 10.Bb2 O-O 11.Nf4 Nd4 12.c3 Nf5 13.d4 cxd4 14.cxd4 Bf6 
15.Ne2 Rb8 16.c5 Rd8 17.Qb3 Qc7 18.Rfd1 Bd7 19.Nf4 Bc6 20.Nxe6 fxe6 21.
Qxe6+ Qf7 22.Qxf5 Bxg2 23.Kxg2 Rd5 24.Qf4 Rbd8 25.Rab1 g5 26.Qf3 h5 27.h3 
R8d7 28.Bc3 Qg7 29.Rxb7 1-0

[Event "29th Rilton Cup"]
[Site "Stockholm SWE"]
[Date "2000.01.03"]
[Round "6.20"]
[White "Bartel, Mateusz"]
[Black "Loegdahl, Harald"]
[Result "1-0"]
[WhiteElo "2343"]
[BlackElo "2226"]
[EventDate "1999.12.27"]
[PlyCount "59"]

1.e4 Nf6 2.e5 Nd5 3.d4 d6 4.Nf3 Bg4 5.Be2 c6 6.O-O Bxf3 7.Bxf3 dxe5 8.dxe5
e6 9.Nd2 Nd7 10.Re1 Qc7 11.Nc4 N7b6 12.Qe2 Nxc4 13.Qxc4 Nb6 14.Qg4 h5 15.
Qe4 Be7 16.a3 g6 17.c4 a5 18.b3 Nd7 19.Bb2 O-O 20.Bxh5 gxh5 21.Re3 Rfd8 
22.Rg3+ Kf8 23.Qh7 Ke8 24.Rf3 Bf6 25.exf6 Nf8 26.Qxh5 Rd7 27.Rg3 Rad8 28.
Rg8 Qd6 29.g3 b6 30.Re1 1-0

[Event "29th Rilton Cup"]
[Site "Stockholm SWE"]
[Date "2000.01.03"]
[Round "6.21"]
[White "Ernst, Thomas"]
[Black "Johansson, Sune"]
[Result "1-0"]
[WhiteElo "2409"]
[BlackElo "2198"]
[EventDate "1999.12.27"]
[PlyCount "57"]

1.e4 e6 2.d4 d5 3.Nc3 Bb4 4.e5 c5 5.a3 Bxc3+ 6.bxc3 Qc7 7.Qg4 f5 8.Qg3 Ne7
9.Qxg7 Rg8 10.Qxh7 Bd7 11.Bd2 Nbc6 12.Qh5+ Kd8 13.Nf3 Qb6 14.O-O-O Kc7 15.
Qh6 Na5 16.Bg5 Ng6 17.Bf6 Rac8 18.Bd3 Kb8 19.Kd2 cxd4 20.cxd4 Qb2 21.Rb1 
Qc3+ 22.Ke2 Nc6 23.Ke3 Nxd4 24.Nxd4 Rc4 25.Ne2 Re4+ 26.Kf3 Qxe5 27.Qxg6 
Rxg6 28.Bxe5+ Rxe5 29.Kf4 1-0